Noem alle kamers in een huis alle mogelijke ruimtes tot de kleinste - Statistieken

Algemene statistieken
  • Deze quiz is 86 keer genomen
    85 sinds de laatste reset
  • De gemiddelde score is 11 van 26
Antwoordstatistieken
Antwoord % Correct
Slaapkamer
100%
Badkamer
96%
Keuken
96%
Woonkamer
92%
Zolder
88%
Kelder
79%
Garage
71%
WC
62%
Hal
61%
Eetkamer
53%
Toilet
49%
Bijkeuken
43%
Douche
33%
Serre
30%
Kast
28%
Meterkast
24%
Kantoor
21%
Kinderkamer
21%
Vliering
17%
Achterkamer
9%
Kamer
9%
Kinderslaapkamer
7%
Voorkamer
7%
Ouderslaapkamer
4%
Voorraadkast
4%
Woonkeuken
1%
Geen overeenkomende quizzen gevonden
Scoreverdeling
Procent van Mensen met Elke Score
Percentiel versus Aantal Correcte Antwoorden
Uw Scoregeschiedenis
U heeft deze quiz nog niet genomen sinds de laatste reset